[Event "Scarborough CC Winter End U1800"]
[Site "Toronto CAN"]
[Date "2012.03.08"]
[Round "4"]
[White "Xu, Jeffrey"]
[Black "Radpey, Abdolreza"]
[Result "1-0"]
[WhiteElo "1576"]
[BlackElo "1508"]
[PlyCount "99"]
[GameId "2160767909576481"]
[EventDate "2012.02.16"]
[EventType "swiss"]
[EventRounds "5"]
[EventCountry "CAN"]
[SourceTitle "EXT 2022"]
[Source "ChessBase"]
[SourceDate "2021.10.06"]
[SourceVersion "1"]
[SourceVersionDate "2021.10.06"]
[SourceQuality "1"]

1. e4 e6 2. d3 d5 3. Nd2 d4 4. g3 e5 5. Bg2 Bd6 6. Ne2 b5 7. a4 b4 8. Nc4 c5 9. f4 f6 10. Ng1 Ne7 11. Nf3 Nbc6 12. O-O Bc7 13. fxe5 Nxe5 14. Nfxe5 fxe5 15. Qh5+ g6 16. Qf3 Be6 17. Qf6 Kd7 18. Nxe5+ Bxe5 19. Qxe5 Qc7 20. Qxc7+ Kxc7 21. Rf6 Kd7 22. Bd2 Raf8 23. Raf1 Rxf6 24. Rxf6 Re8 25. h4 Ng8 26. Rf2 h6 27. Kh2 Ke7 28. Bh3 Bxh3 29. Kxh3 Rf8 30. Bf4 Ke6 31. Kg2 Rf7 32. Bd2 Rxf2+ 33. Kxf2 h5 34. Bg5 Nf6 35. Bxf6 Kxf6 36. Kf3 Ke5 37. b3 a5 38. g4 g5 39. gxh5 gxh4 40. Kg4 h3 41. Kxh3 Kf4 42. h6 Ke3 43. h7 Kd2 44. h8=Q Kxc2 45. Qg8 Kxd3 46. Qc4+ Kxe4 47. Qxc5 d3 48. Qxa5 Ke3 49. Qxb4 d2 50. Qxd2+ 1-0

[Event "Scarborough CC Winter End U1800"]
[Site "Toronto CAN"]
[Date "2012.03.08"]
[Round "4"]
[White "Yie, Kevin Yi Xiao"]
[Black "Crnilovic, Grisha"]
[Result "0-1"]
[WhiteElo "1657"]
[BlackElo "1525"]
[PlyCount "94"]
[GameId "2160767909576482"]
[EventDate "2012.02.16"]
[EventType "swiss"]
[EventRounds "5"]
[EventCountry "CAN"]
[SourceTitle "EXT 2022"]
[Source "ChessBase"]
[SourceDate "2021.10.06"]
[SourceVersion "1"]
[SourceVersionDate "2021.10.06"]
[SourceQuality "1"]

1. d4 e5 2. dxe5 Nc6 3. Nf3 Qe7 4. Bf4 Qb4+ 5. Bd2 Qxb2 6. Bc3 Bb4 7. Bxb4 Nxb4 8. c3 Nc2+ 9. Kd2 Nxa1+ 10. Ke1 Nc2+ 11. Kd2 Na3+ 12. Ke1 Qxb1 13. Qxb1 Nxb1 14. c4 Nc3 15. a3 Ne7 16. e3 Ne4 17. Bd3 Nc5 18. Bc2 d5 19. exd6 cxd6 20. Ke2 Be6 21. Nd2 O-O 22. Rb1 b6 23. Rc1 d5 24. cxd5 Nxd5 25. Kf1 Rac8 26. Bb1 Rfd8 27. Nf3 Na4 28. Re1 Rc3 29. Nd4 Rdc8 30. Ne2 Rxa3 31. Nd4 g6 32. Be4 Rac3 33. Ne2 R3c5 34. Nd4 Rc1 35. Bxd5 Rxe1+ 36. Kxe1 Bxd5 37. g3 Rc4 38. h4 Rxd4 39. exd4 b5 40. Kd2 b4 41. Kc2 b3+ 42. Kc1 b2+ 43. Kc2 Be4+ 44. Kb3 b1=Q+ 45. Kxa4 Kf8 46. Ka5 Bc6 47. Ka6 Qb6# 0-1

[Event "Scarborough CC Winter End U1800"]
[Site "Toronto CAN"]
[Date "2012.03.08"]
[Round "4"]
[White "Zhao, Yanchun"]
[Black "Armstrong, Robert J"]
[Result "1-0"]
[WhiteElo "1306"]
[BlackElo "1666"]
[PlyCount "63"]
[GameId "2160767909576483"]
[EventDate "2012.02.16"]
[EventType "swiss"]
[EventRounds "5"]
[EventCountry "CAN"]
[SourceTitle "EXT 2022"]
[Source "ChessBase"]
[SourceDate "2021.10.06"]
[SourceVersion "1"]
[SourceVersionDate "2021.10.06"]
[SourceQuality "1"]

1. d4 g6 2. Nf3 Bg7 3. e4 c5 4. c3 Qb6 5. d5 d6 6. Nbd2 Nd7 7. Be2 Ne5 8. O-O Qc7 9. Nxe5 Bxe5 10. Bb5+ Bd7 11. Bxd7+ Qxd7 12. f4 Bg7 13. Nf3 h5 14. Ng5 Nh6 15. f5 gxf5 16. Qxh5 Be5 17. exf5 O-O-O 18. Bf4 Nxf5 19. Qxf7 Rdf8 20. Qe6 Ne3 21. Bxe5 Rxf1+ 22. Rxf1 dxe5 23. Re1 Nxd5 24. Rxe5 Qxe6 25. Nxe6 Nf6 26. Nxc5 Rd8 27. Re2 Ng4 28. g3 Rd5 29. Ne6 Kd7 30. c4 Rd1+ 31. Kg2 Rd3 32. Nc5+ 1-0

[Event "Scarborough CC Winter End U1800"]
[Site "Toronto CAN"]
[Date "2012.03.15"]
[Round "5"]
[White "Aghamalian, Leonid"]
[Black "Azmitia, Gabriel"]
[Result "1-0"]
[WhiteElo "1425"]
[BlackElo "1573"]
[PlyCount "63"]
[GameId "2160767909576484"]
[EventDate "2012.02.16"]
[EventType "swiss"]
[EventRounds "5"]
[EventCountry "CAN"]
[SourceTitle "EXT 2022"]
[Source "ChessBase"]
[SourceDate "2021.10.06"]
[SourceVersion "1"]
[SourceVersionDate "2021.10.06"]
[SourceQuality "1"]

1. e4 e5 2. Nf3 Nc6 3. Bc4 Nf6 4. d3 Be7 5. Nc3 d6 6. h3 Na5 7. Bb3 Nxb3 8. axb3 c6 9. Be3 a6 10. Na4 Nd7 11. d4 O-O 12. d5 c5 13. c4 f5 14. Qd3 fxe4 15. Qxe4 Nf6 16. Qc2 h6 17. Bxh6 Nh7 18. Be3 Bf5 19. Qd2 e4 20. Nh2 b5 21. Nc3 b4 22. Ne2 g5 23. Ng4 Bxg4 24. hxg4 Qd7 25. O-O-O a5 26. Qc2 Bf6 27. Qxe4 Rae8 28. Qg6+ Qg7 29. Qxg7+ Kxg7 30. Ng3 Kg6 31. Nf5 Rh8 32. Rh6+ 1-0

[Event "Scarborough CC Winter End U1800"]
[Site "Toronto CAN"]
[Date "2012.03.15"]
[Round "5"]
[White "Armstrong, Robert J"]
[Black "Crnilovic, Grisha"]
[Result "1-0"]
[WhiteElo "1666"]
[BlackElo "1525"]
[PlyCount "100"]
[GameId "2160767909576485"]
[EventDate "2012.02.16"]
[EventType "swiss"]
[EventRounds "5"]
[EventCountry "CAN"]
[SourceTitle "EXT 2022"]
[Source "ChessBase"]
[SourceDate "2021.10.06"]
[SourceVersion "1"]
[SourceVersionDate "2021.10.06"]
[SourceQuality "1"]

1. g3 d5 2. Bg2 Nf6 3. c4 dxc4 4. Qa4+ c6 5. Qxc4 g6 6. d4 Bg7 7. e4 Nbd7 8. Ne2 O-O 9. Nbc3 e5 10. Be3 Nb6 11. Qb3 Be6 12. Qc2 Ng4 13. O-O-O Nxe3 14. fxe3 Nc4 15. Rd3 Nxe3 16. Rxe3 Bh6 17. Qd2 Qg5 18. Nd1 exd4 19. Qxd4 Rfd8 20. Qc3 Rxd1+ 21. Rxd1 Qxe3+ 22. Qxe3 Bxe3+ 23. Kb1 Bb6 24. Nf4 Bg4 25. Rf1 Rd8 26. Kc2 Be3 27. Bf3 Rd2+ 28. Kc3 Bxf3 29. Rxf3 Bxf4 30. gxf4 Rxh2 31. e5 Kf8 32. f5 gxf5 33. Rxf5 h5 34. e6 f6 35. Rxf6+ Ke7 36. Rf7+ Kxe6 37. Rxb7 a5 38. Ra7 Rh3+ 39. Kc4 a4 40. Kc5 a3 41. bxa3 h4 42. a4 Rc3+ 43. Kb4 Rc2 44. Kb3 Rh2 45. a5 h3 46. Rh7 Rh1 47. a6 h2 48. Ka3 Rb1 49. a7 h1=Q 50. Rxh1 Rxh1 1-0

[Event "Scarborough CC Winter End U1800"]
[Site "Toronto CAN"]
[Date "2012.03.15"]
[Round "5"]
[White "Dattani, Dinesh"]
[Black "Bellomo, Joe"]
[Result "1-0"]
[WhiteElo "1312"]
[BlackElo "1559"]
[PlyCount "61"]
[GameId "2160767909576486"]
[EventDate "2012.02.16"]
[EventType "swiss"]
[EventRounds "5"]
[EventCountry "CAN"]
[SourceTitle "EXT 2022"]
[Source "ChessBase"]
[SourceDate "2021.10.06"]
[SourceVersion "1"]
[SourceVersionDate "2021.10.06"]
[SourceQuality "1"]

1. d4 Nf6 2. g3 d5 3. Bg2 e6 4. Nf3 Be7 5. c4 c6 6. cxd5 cxd5 7. O-O O-O 8. Nc3 Nbd7 9. Bf4 a6 10. Re1 b5 11. Rc1 Nh5 12. Nxd5 exd5 13. Bc7 Qe8 14. e4 dxe4 15. Rxe4 Bb7 16. Re1 Nhf6 17. Bd6 Ne4 18. Bxe7 Qxe7 19. Nd2 Ndf6 20. f3 Qb4 21. Nxe4 Nxe4 22. fxe4 Qxb2 23. Rc7 Rab8 24. Re2 Qb4 25. d5 Rfd8 26. e5 Qa5 27. d6 Bxg2 28. Kxg2 g6 29. Qd5 Rf8 30. Rf2 Qe1 31. Rfxf7 1-0

[Event "Scarborough CC Winter End U1800"]
[Site "Toronto CAN"]
[Date "2012.03.15"]
[Round "5"]
[White "Gillis, Doug"]
[Black "Thornton, Bill"]
[Result "1-0"]
[WhiteElo "1612"]
[BlackElo "1456"]
[PlyCount "45"]
[GameId "2160767909576487"]
[EventDate "2012.02.16"]
[EventType "swiss"]
[EventRounds "5"]
[EventCountry "CAN"]
[SourceTitle "EXT 2022"]
[Source "ChessBase"]
[SourceDate "2021.10.06"]
[SourceVersion "1"]
[SourceVersionDate "2021.10.06"]
[SourceQuality "1"]

1. d4 d5 2. Nc3 c6 3. e4 e6 4. Nf3 Nf6 5. e5 Nfd7 6. Bd3 Be7 7. O-O f5 8. exf6 Nxf6 9. Bg5 O-O 10. Re1 Qd6 11. Bh4 c5 12. Bg3 Qb6 13. dxc5 Qxc5 14. Nb5 Na6 15. Nbd4 Qb6 16. Bf5 Nc5 17. Ng5 e5 18. Bxe5 Bxf5 19. Nxf5 Rae8 20. Bxf6 Bxf6 21. Qxd5+ Ne6 22. Nxe6 Rd8 23. Nxd8+ 1-0

[Event "Scarborough CC Winter End U1800"]
[Site "Toronto CAN"]
[Date "2012.03.15"]
[Round "5"]
[White "Graham, John"]
[Black "Guo, Tan"]
[Result "0-1"]
[WhiteElo "1446"]
[BlackElo "1642"]
[PlyCount "98"]
[GameId "2160767909576488"]
[EventDate "2012.02.16"]
[EventType "swiss"]
[EventRounds "5"]
[EventCountry "CAN"]
[SourceTitle "EXT 2022"]
[Source "ChessBase"]
[SourceDate "2021.10.06"]
[SourceVersion "1"]
[SourceVersionDate "2021.10.06"]
[SourceQuality "1"]

1. c4 e5 2. g3 Nf6 3. Bg2 d5 4. e3 Nc6 5. cxd5 Nxd5 6. Ne2 Be7 7. Nbc3 Be6 8. O-O O-O 9. Qc2 Qd7 10. a3 Nf6 11. Rd1 Na5 12. Qa4 Qxa4 13. Nxa4 Bb3 14. Nac3 Bxd1 15. Nxd1 Nb3 16. Ra2 Rad8 17. d4 exd4 18. exd4 Nxc1 19. Nxc1 Rxd4 20. Nc3 Bc5 21. b4 Bb6 22. N1e2 Rd3 23. Na4 Rd1+ 24. Bf1 Ne4 25. Nxb6 axb6 26. g4 Nd2 27. Ng3 Re8 28. Kg2 Nxf1 29. Nxf1 g6 30. Ne3 Rd3 31. h3 Kg7 32. Kf3 Kf6 33. h4 Ra8 34. a4 Ke6 35. Ke4 Rad8 36. f4 R8d4+ 37. Kf3 Rxb4 38. f5+ Ke5 39. Ke2 Rdb3 40. Nd1 c5 41. a5 b5 42. a6 bxa6 43. Rxa6 Ra4 44. Rc6 Ra2+ 45. Ke1 Rh3 46. Nf2 Re3+ 47. Kf1 Rf3 48. fxg6 Rfxf2+ 49. Ke1 Rh2 0-1

[Event "Scarborough CC Winter End U1800"]
[Site "Toronto CAN"]
[Date "2012.03.15"]
[Round "5"]
[White "Li, Yinshi"]
[Black "Zhao, Yanchun"]
[Result "1-0"]
[WhiteElo "1691"]
[BlackElo "1306"]
[PlyCount "77"]
[GameId "2160767909576489"]
[EventDate "2012.02.16"]
[EventType "swiss"]
[EventRounds "5"]
[EventCountry "CAN"]
[SourceTitle "EXT 2022"]
[Source "ChessBase"]
[SourceDate "2021.10.06"]
[SourceVersion "1"]
[SourceVersionDate "2021.10.06"]
[SourceQuality "1"]

1. d4 d5 2. c4 c6 3. Nc3 Nf6 4. Bg5 Nbd7 5. e3 e6 6. Bd3 Be7 7. Nge2 h6 8. Bh4 e5 9. Bxf6 Bxf6 10. cxd5 cxd5 11. Nxd5 Qa5+ 12. Ndc3 exd4 13. Nxd4 O-O 14. O-O Ne5 15. Be2 Rd8 16. Qa4 Qxa4 17. Nxa4 b6 18. Rfd1 Bg4 19. Nc3 Bxe2 20. Ncxe2 Nc4 21. b3 Nd6 22. Rac1 Ne4 23. g3 Rd7 24. Nf5 Rad8 25. Rxd7 Rxd7 26. Nfd4 Nc5 27. Rc2 Nd3 28. Rd2 Nb4 29. f3 g6 30. Kf2 h5 31. e4 Nc6 32. Ke3 Ne5 33. h3 g5 34. Nc3 g4 35. hxg4 hxg4 36. f4 Ng6 37. Nd5 Bg7 38. Nf5 Bf8 39. Nf6+ 1-0

[Event "Scarborough CC Winter End U1800"]
[Site "Toronto CAN"]
[Date "2012.03.15"]
[Round "5"]
[White "Liang, Phillip"]
[Black "Mahendran, Sujeev"]
[Result "1-0"]
[WhiteElo "1532"]
[BlackElo "1625"]
[PlyCount "83"]
[GameId "2160767909576490"]
[EventDate "2012.02.16"]
[EventType "swiss"]
[EventRounds "5"]
[EventCountry "CAN"]
[SourceTitle "EXT 2022"]
[Source "ChessBase"]
[SourceDate "2021.10.06"]
[SourceVersion "1"]
[SourceVersionDate "2021.10.06"]
[SourceQuality "1"]

1. c4 Nf6 2. Nf3 e6 3. g3 Bc5 4. Nc3 a6 5. d4 Ba7 6. Bg2 c6 7. Bf4 d5 8. c5 b6 9. b4 Nbd7 10. O-O O-O 11. Qd3 Bb8 12. Bxb8 Rxb8 13. Rab1 b5 14. Rfc1 Re8 15. e4 e5 16. dxe5 Nxe5 17. Nxe5 Rxe5 18. Qd4 Re7 19. exd5 cxd5 20. Nxd5 Nxd5 21. Qxd5 Qxd5 22. Bxd5 Be6 23. Re1 Kf8 24. Bxe6 fxe6 25. Rbd1 Kf7 26. Rd6 Ra8 27. Kg2 a5 28. a3 axb4 29. axb4 Ra4 30. Re4 Rc7 31. Rb6 g5 32. Rxb5 h5 33. h4 g4 34. Re5 Rd7 35. c6 Rd2 36. Rb7+ Kf6 37. c7 Rc2 38. Rc5 Raa2 39. Rxc2 Rxc2 40. b5 e5 41. Rb6+ Ke7 42. Rc6 1-0

[Event "Scarborough CC Winter End U1800"]
[Site "Toronto CAN"]
[Date "2012.03.15"]
[Round "5"]
[White "Pishdad, Hassan"]
[Black "Rutherdale, William"]
[Result "0-1"]
[WhiteElo "1348"]
[BlackElo "1655"]
[PlyCount "107"]
[GameId "2160767909576491"]
[EventDate "2012.02.16"]
[EventType "swiss"]
[EventRounds "5"]
[EventCountry "CAN"]
[SourceTitle "EXT 2022"]
[Source "ChessBase"]
[SourceDate "2021.10.06"]
[SourceVersion "1"]
[SourceVersionDate "2021.10.06"]
[SourceQuality "1"]

1. d4 d5 2. c4 c6 3. e3 Nf6 4. Nc3 e6 5. Nf3 Bd6 6. cxd5 exd5 7. Be2 O-O 8. O-O Bg4 9. h3 Bh5 10. Nd2 Bxe2 11. Qxe2 Re8 12. f4 c5 13. Qf3 Nc6 14. Nxd5 cxd4 15. e4 Nxd5 16. exd5 Ne7 17. Nb3 Bc7 18. Re1 Qxd5 19. Qd3 Rad8 20. Bd2 Ng6 21. Rf1 Nh4 22. Rf2 Nf5 23. g3 Ne3 24. Kh2 Qh5 25. Qe2 Qxe2 26. Rxe2 Ng4+ 27. hxg4 Rxe2+ 28. Kh3 Rd6 29. f5 Bb6 30. Rd1 Rd5 31. Bc3 d3 32. Nc1 Re8 33. Rxd3 Rxd3 34. Nxd3 Rd8 35. Nf4 Bd4 36. Bxd4 Rxd4 37. b3 Rd2 38. a3 Rb2 39. b4 Rb3 40. g5 Rxa3 41. Nd5 Rd3 42. Nc7 Rd4 43. b5 Rc4 44. Nd5 Rc5 45. Ne7+ Kf8 46. f6 Rxg5 47. Nc8 a6 48. bxa6 bxa6 49. fxg7+ Kxg7 50. Ne7 a5 51. Nc6 a4 52. Nb4 a3 53. Na2 Rb5 54. Kh4 0-1

[Event "Scarborough CC Winter End U1800"]
[Site "Toronto CAN"]
[Date "2012.03.15"]
[Round "5"]
[White "Radpey, Abdolreza"]
[Black "Kurkowski, Ken"]
[Result "0-1"]
[WhiteElo "1508"]
[BlackElo "1598"]
[PlyCount "112"]
[GameId "2160767909576492"]
[EventDate "2012.02.16"]
[EventType "swiss"]
[EventRounds "5"]
[EventCountry "CAN"]
[SourceTitle "EXT 2022"]
[Source "ChessBase"]
[SourceDate "2021.10.06"]
[SourceVersion "1"]
[SourceVersionDate "2021.10.06"]
[SourceQuality "1"]

1. Nf3 Nf6 2. c4 g6 3. d4 Bg7 4. Nc3 d5 5. cxd5 Nxd5 6. e4 Nxc3 7. bxc3 c5 8. Bb2 Nc6 9. Bb5 Qa5 10. Qb3 cxd4 11. Bxc6+ bxc6 12. O-O dxc3 13. Ba3 O-O 14. Bb4 Qb6 15. Rac1 Re8 16. Ng5 e6 17. Bxc3 Qxb3 18. axb3 h6 19. Nf3 Bb7 20. Bxg7 Kxg7 21. Ne5 Rac8 22. Nd7 Red8 23. Nc5 Rc7 24. Rfd1 Rxd1+ 25. Rxd1 e5 26. Rd6 Bc8 27. f3 f6 28. Kf2 Kf7 29. Rd8 g5 30. g4 Ke7 31. Rd2 Be6 32. b4 Rc8 33. Rc2 Bd7 34. Rd2 Be8 35. Ra2 Ra8 36. Ke3 Bf7 37. Rd2 Rd8 38. Rc2 Rd4 39. Nd3 Bc4 40. Nb2 Bb5 41. h3 Kd6 42. Rd2 Rxd2 43. Kxd2 c5 44. Kc3 a6 45. Kb3 Kc6 46. Nd1 cxb4 47. Kxb4 Kb6 48. Nc3 a5+ 49. Kb3 Kc5 50. Nd5 Bc4+ 51. Ka4 Bxd5 52. exd5 Kxd5 53. Kxa5 Kd4 54. Kb4 Ke3 55. Kc3 Kxf3 56. Kd3 e4+ 0-1

[Event "Scarborough CC Winter End U1800"]
[Site "Toronto CAN"]
[Date "2012.03.15"]
[Round "5"]
[White "Smith, Maurice"]
[Black "Veecock, Carl"]
[Result "1-0"]
[WhiteElo "1496"]
[BlackElo "1361"]
[PlyCount "85"]
[GameId "2160767909576493"]
[EventDate "2012.02.16"]
[EventType "swiss"]
[EventRounds "5"]
[EventCountry "CAN"]
[SourceTitle "EXT 2022"]
[Source "ChessBase"]
[SourceDate "2021.10.06"]
[SourceVersion "1"]
[SourceVersionDate "2021.10.06"]
[SourceQuality "1"]

1. d4 c6 2. c4 d5 3. cxd5 Qxd5 4. Nc3 Qd8 5. Nf3 e6 6. Bf4 Bb4 7. a3 Bxc3+ 8. bxc3 Nf6 9. Qc2 Qd5 10. e3 Nbd7 11. Bd3 c5 12. O-O c4 13. Be2 b5 14. a4 a6 15. Ne5 Nxe5 16. Bxe5 Qd8 17. axb5 Bd7 18. bxa6 Bb5 19. a7 Qd7 20. Rfb1 O-O 21. Bf3 Nd5 22. Ra5 f6 23. Bg3 Bc6 24. Be2 Qd8 25. Ra6 Qc8 26. Ra5 Qd8 27. Raa1 Nb6 28. Qb2 Nc8 29. Bxc4 Bd5 30. Bxd5 exd5 31. Qb7 Rxa7 32. Rxa7 Nxa7 33. Qxa7 Qe8 34. Rb8 Qxb8 35. Bxb8 Rf7 36. Qa8 Rd7 37. Bd6+ Kf7 38. Qxd5+ Kg6 39. Qe4+ Kf7 40. Bb4 g6 41. d5 Kg7 42. Qe8 Rf7 43. d6 1-0

[Event "Scarborough CC Winter End U1800"]
[Site "Toronto CAN"]
[Date "2012.03.15"]
[Round "5"]
[White "Termeer, Ted"]
[Black "Verde, Pino"]
[Result "0-1"]
[WhiteElo "1352"]
[BlackElo "1607"]
[PlyCount "66"]
[GameId "2160767909576494"]
[EventDate "2012.02.16"]
[EventType "swiss"]
[EventRounds "5"]
[EventCountry "CAN"]
[SourceTitle "EXT 2022"]
[Source "ChessBase"]
[SourceDate "2021.10.06"]
[SourceVersion "1"]
[SourceVersionDate "2021.10.06"]
[SourceQuality "1"]

1. Nf3 Nf6 2. d4 d5 3. e3 e6 4. c4 c5 5. Nc3 Nc6 6. a3 Be7 7. Be2 Bd7 8. Bd2 O-O 9. cxd5 exd5 10. Qc2 Rc8 11. O-O cxd4 12. Nxd4 Ne4 13. f3 Ng5 14. Rac1 Bc5 15. Qb1 Nxd4 16. exd4 Bxd4+ 17. Kh1 Bc6 18. Bd3 g6 19. Rce1 Qf6 20. Qc1 Ne6 21. f4 Nc5 22. Bc2 Bxc3 23. Bxc3 d4 24. Bb4 d3 25. Bxc5 Bxg2+ 26. Kxg2 Rxc5 27. Rf2 Qc6+ 28. Kg1 Rc8 29. Qb1 Rxc2 30. Rxc2 Qxc2 31. Rd1 Qxb1 32. Rxb1 d2 33. Kf2 Rc1 0-1

[Event "Scarborough CC Winter End U1800"]
[Site "Toronto CAN"]
[Date "2012.03.15"]
[Round "5"]
[White "Tismenko, Dennis"]
[Black "Maister, Martin"]
[Result "0-1"]
[WhiteElo "1401"]
[BlackElo "1727"]
[PlyCount "136"]
[GameId "2160767909576495"]
[EventDate "2012.02.16"]
[EventType "swiss"]
[EventRounds "5"]
[EventCountry "CAN"]
[SourceTitle "EXT 2022"]
[Source "ChessBase"]
[SourceDate "2021.10.06"]
[SourceVersion "1"]
[SourceVersionDate "2021.10.06"]
[SourceQuality "1"]

1. e4 c5 2. Nc3 Nc6 3. f4 g6 4. Nf3 Bg7 5. Bc4 a6 6. a4 e6 7. O-O Nge7 8. d3 O-O 9. Bb3 d5 10. Qe1 Nd4 11. Nxd4 cxd4 12. Ne2 dxe4 13. dxe4 Nc6 14. Qg3 Na5 15. Ba2 Bd7 16. f5 exf5 17. exf5 Qb6 18. fxg6 hxg6 19. Kh1 Be6 20. Bxe6 Qxe6 21. Qd3 Rfd8 22. Bg5 Rd7 23. Ng3 f5 24. Rae1 Qc6 25. b3 Rc8 26. Re2 Qc3 27. Rd1 Qxd3 28. Rxd3 Rdc7 29. Bd2 Nc6 30. Bf4 Rd7 31. c3 Bf6 32. cxd4 Rxd4 33. Rxd4 Nxd4 34. Rb2 Ne6 35. Rf2 Nxf4 36. Rxf4 Be5 37. Rf3 Rc1+ 38. Rf1 Rc3 39. Rf3 Rc2 40. Kg1 Kf7 41. Kf1 Ke6 42. Rf2 Rc1+ 43. Ke2 Bxg3 44. hxg3 Rc2+ 45. Ke1 Rxf2 46. Kxf2 b5 47. axb5 axb5 48. Ke3 Ke5 49. Kd3 Kd5 50. Kc3 Kc5 51. b4+ Kd5 52. Kd3 g5 53. Kc3 Ke4 54. Kc2 Kd4 55. Kb3 Kd3 56. Ka2 Kc3 57. Ka3 Kc4 58. Ka2 Kxb4 59. g4 fxg4 60. Kb2 Kc4 61. Kc2 b4 62. g3 Kd4 63. Kb3 Ke3 64. Kxb4 Kf3 65. Kc3 Kxg3 66. Kd2 Kf2 67. Kd3 g3 68. Ke4 g2 0-1

[Event "Scarborough CC Winter End U1800"]
[Site "Toronto CAN"]
[Date "2012.03.15"]
[Round "5"]
[White "Zhao, Harry"]
[Black "Thanabalachandran, Kajan"]
[Result "0-1"]
[WhiteElo "1349"]
[BlackElo "1549"]
[PlyCount "90"]
[GameId "2160767909576496"]
[EventDate "2012.02.16"]
[EventType "swiss"]
[EventRounds "5"]
[EventCountry "CAN"]
[SourceTitle "EXT 2022"]
[Source "ChessBase"]
[SourceDate "2021.10.06"]
[SourceVersion "1"]
[SourceVersionDate "2021.10.06"]
[SourceQuality "1"]

1. e4 c5 2. Nf3 e6 3. d4 cxd4 4. Nxd4 Nf6 5. Bd3 Qb6 6. Nf3 Bc5 7. O-O h6 8. h3 Nc6 9. c3 a5 10. Nbd2 d5 11. exd5 Nxd5 12. Nc4 Qc7 13. Be4 Nf6 14. Bc2 O-O 15. Qe2 b5 16. Ne3 Rd8 17. Qxb5 Bxe3 18. Bxe3 Ba6 19. Bb6 Bxb5 20. Bxc7 Rdc8 21. Be5 Nxe5 22. Nxe5 Bxf1 23. Rxf1 Rab8 24. Nd3 Ne4 25. f3 Nd2 26. Rf2 Nc4 27. b3 Nb6 28. c4 Nd7 29. Rd2 Nc5 30. Nxc5 Rxc5 31. Kf2 Kf8 32. f4 Ke7 33. Ke3 Rb6 34. g4 f5 35. Bd3 g6 36. Rg2 Rd6 37. h4 e5 38. fxe5 Rxe5+ 39. Kf4 Re1 40. Rd2 Rd4+ 41. Kf3 fxg4+ 42. Kf2 Re6 43. a3 g3+ 44. Kg2 Re3 45. Re2 Rdxd3 0-1

[Event "Scarborough CC ch"]
[Site "Toronto CAN"]
[Date "2012.03.22"]
[Round "1"]
[White "Armstrong, Robert J"]
[Black "Song, Lin"]
[Result "0-1"]
[WhiteElo "1683"]
[BlackElo "1901"]
[PlyCount "80"]
[GameId "2160767909510036"]
[EventDate "2012.03.22"]
[EventType "tourn"]
[EventRounds "9"]
[EventCountry "CAN"]
[SourceTitle "EXT 2022"]
[Source "ChessBase"]
[SourceDate "2021.10.06"]
[SourceVersion "1"]
[SourceVersionDate "2021.10.06"]
[SourceQuality "1"]

1. g3 Nf6 2. Bg2 g6 3. c4 Bg7 4. Qb3 Na6 5. d4 Rb8 6. Nc3 O-O 7. Bf4 Nh5 8. Be3 c6 9. h4 d6 10. Bf3 Nf6 11. h5 Ng4 12. Bxg4 Bxg4 13. hxg6 fxg6 14. Bh6 Rf7 15. f3 Bd7 16. Bxg7 Kxg7 17. Nh3 Bxh3 18. Rxh3 Qd7 19. g4 Nc7 20. Ne4 Ne6 21. O-O-O b6 22. Rdh1 Kg8 23. Qe3 d5 24. Ng5 Nxg5 25. Qxg5 dxc4 26. e3 Qe6 27. f4 Qf6 28. Qh6 e6 29. g5 Qg7 30. Qh4 Re7 31. Qg3 Qf8 32. Rh6 Rbb7 33. Qh2 Rg7 34. Qg2 Rbc7 35. Qc2 b5 36. a4 a6 37. axb5 axb5 38. Qh2 c5 39. Rxg6 hxg6 40. Qh8+ Kf7 0-1

[Event "Scarborough CC ch"]
[Site "Toronto CAN"]
[Date "2012.03.22"]
[Round "1"]
[White "Krupka, David"]
[Black "Posaratnanathan, Juliaan"]
[Result "0-1"]
[WhiteElo "2009"]
[BlackElo "1962"]
[PlyCount "60"]
[GameId "2160767909510037"]
[EventDate "2012.03.22"]
[EventType "tourn"]
[EventRounds "9"]
[EventCountry "CAN"]
[SourceTitle "EXT 2022"]
[Source "ChessBase"]
[SourceDate "2021.10.06"]
[SourceVersion "1"]
[SourceVersionDate "2021.10.06"]
[SourceQuality "1"]

1. d4 Nf6 2. c4 e6 3. Nc3 Bb4 4. e3 d5 5. Nge2 O-O 6. a3 Bxc3+ 7. Nxc3 b6 8. Bd3 Bb7 9. O-O Nbd7 10. b4 c5 11. cxd5 exd5 12. bxc5 bxc5 13. Rb1 Rb8 14. a4 cxd4 15. exd4 Nb6 16. a5 Nbd7 17. Bf4 Rc8 18. Rxb7 Rxc3 19. Rxa7 Re8 20. Bb5 Re4 21. g3 h6 22. Qd2 Rb3 23. Bd3 Re6 24. Qc2 Rb4 25. Rc7 Nf8 26. Qc5 Rb8 27. Rc1 Re8 28. Bb5 Ne6 29. Rc8 Rxc8 30. Qxc8 Qxc8 0-1

[Event "Scarborough CC ch"]
[Site "Toronto CAN"]
[Date "2012.03.22"]
[Round "1"]
[White "Paterson, Jim"]
[Black "Lin, Tony (Juntao)"]
[Result "0-1"]
[WhiteElo "1822"]
[BlackElo "2042"]
[PlyCount "80"]
[GameId "2160767909510038"]
[EventDate "2012.03.22"]
[EventType "tourn"]
[EventRounds "9"]
[EventCountry "CAN"]

1. c4 f5 2. Nf3 Nf6 3. Nc3 e6 4. g3 Be7 5. Bg2 O-O 6. d4 d6 7. O-O Ne4 8. Qc2 Nxc3 9. Qxc3 a5 10. b3 Bf6 11. Bb2 Nc6 12. e3 e5 13. d5 Ne7 14. Qc2 Qe8 15. Rad1 Qh5 16. c5 f4 17. exf4 exf4 18. Bxf6 Rxf6 19. cxd6 cxd6 20. Qe4 Ng6 21. Nd4 Bg4 22. Bf3 Ne5 23. Bxg4 Nxg4 24. Qg2 fxg3 25. hxg3 Nxf2 26. g4 Nxg4 27. Rxf6 Nxf6 28. Re1 Qxd5 29. Qxd5+ Nxd5 30. Nb5 Rd8 31. Rd1 Nf6 32. Rxd6 Rxd6 33. Nxd6 b6 34. Nc4 Nd7 35. Kf2 Kf7 36. Ke3 Ke6 37. Ke4 h6 38. Kf4 g6 39. a3 g5+ 40. Kg4 Ne5+ 0-1